000 00667nam a2200265Ia 4500
008 171120s9999 xx 000 0 und d
020 _a9.7814748145e+012
050 _a567.9
050 _bN565 2015
100 _aNewton, Robyn.
245 _aDinosaurs :
245 _bincredible but true facts /
245 _cby Robyn Newton.
260 _aNew York :
260 _bParragon,
260 _c2015
300 _a217 pages :
300 _bcolor illustrations ;
300 _c26cm.
500 _aIncludes glossary and index.
650 _aDinosaurs --
650 _aDinosaurs.
650 _xMiscellanea -- Juvenile literature.
700 _aTitle.
999 _c345198
_d345198